Carnivals, rogues, and heroes = Carnavales, pícaros y héroes /
Збережено в:
| Автор: | |
|---|---|
| Формат: | Невідомо |
| Мова: | English |
| Опубліковано: |
Notre Dame, Ind :
University of Notre Dame Press,
1991.
|
| Предмети: | |
| Теги: |
Додати тег
Немає тегів, Будьте першим, хто поставить тег для цього запису!
|
MARC
| LEADER | 000000000a22000000004500 | ||
|---|---|---|---|
| 001 | 013826 | ||
| 020 | |a 0268007802 | ||
| 041 | 0 | |a eng | |
| 082 | 0 | 4 | |a 394.250.9 |b D156c |
| 100 | 1 | |a Matta, Roberto da | |
| 245 | 1 | 0 | |a Carnivals, rogues, and heroes = |b Carnavales, pícaros y héroes / |c Roberto da Matta. |
| 246 | 3 | 1 | |a Carnavales, pícaros y héroes |
| 260 | 1 | |a Notre Dame, Ind : |b University of Notre Dame Press, |c 1991. | |
| 300 | |a 279 páginas ; |c 24 cm. | ||
| 650 | 4 | |a BRASIL | |
| 650 | 4 | |a CARNAVALES | |
| 650 | 4 | |a CARACTERISTICAS NACIONALES | |
| 650 | 4 | |a VIDA SOCIAL Y COSTUMBRES | |
| 500 | |a Colección George Yúdice | ||
| 999 | |c 19739 |d 19739 | ||
| 942 | |c BK |h 394.250.9 D156c |2 z | ||



